Normal view
MARC view
- Son, Gibong.
Entry Personal Name
001 - CONTROL NUMBER
- control field: 55152
003 - CONTROL NUMBER IDENTIFIER
- control field: OSt
005 - DATE AND TIME OF LATEST TRANSACTION
- control field: 20240322133814.0
008 - FIXED-LENGTH DATA ELEMENTS
- fixed length control field: 240322|| aca||aabn | a|a d
040 ## - CATALOGING SOURCE
- Original cataloging agency: OSt
- Transcribing agency: OSt
100 ## - HEADING--PERSONAL NAME
- Personal name: Son, Gibong.
- Relator term: author.
670 ## - SOURCE DATA FOUND
- Source citation: Work cat.: (OSt): Son, Gibong. author., Light load efficiency improvement for two-channel paralleled soft-switching three-phase inverter using phase shedding control /, September 2022.
